Wszystkie czynne przystanki MPK Olsztyn - Statystyki

Ogólne statystyki
  • Ten quiz został rozwiązany 80 razy
    68 od ostatniego zresetowania
  • Średni wynik to 111 z 289
Statystyki odpowiedzi
Odpowiedź % Poprawnych
Dworzec Główny
80%
Centrum
78%
Kanta
78%
Galeria Warmińska
76%
Skwer Wakara
76%
Szpital Wojewódzki
76%
Bartąska
74%
Wysoka Brama
74%
Andersa
72%
Auchan
72%
Dywizjonu 303
72%
Plaża Miejska
72%
Pstrowskiego
72%
Bartąska-Rondo
70%
Gutkowo
70%
Jarocka
70%
Osiedle Generałów
70%
Hala Urania
67%
Pieczewo
67%
Redykajny
67%
Stadion Stomil
67%
Witosa
67%
Dajtki
65%
D H Śliwa
65%
Piłsudskiego
65%
Sikorskiego-Wilczyńskiego
65%
Szpital Dziecięcy
65%
Uniwersytet-Pływalnia
65%
Boenigka
63%
Carrefour
63%
Filharmonia
63%
Grunwaldzka
63%
Jakubowo
63%
Krasickiego-Wilczyńskiego
63%
Pstrowskiego-Sikorskiego
63%
Szpital Miejski
63%
Dworcowa-Przychodnia
61%
Janowicza
61%
Jeziorna
61%
Jezioro Długie
61%
Kętrzyńskiego
61%
Kołobrzeska
61%
Osiedle Mazurskie
61%
Plac Roosevelta
61%
Track
61%
Uniwersytet-Rektorat
61%
Armii Krajowej
59%
Kubusia Puchatka
59%
Limanowskiego
59%
Pozorty
59%
Uniwersytet-Prawocheńskiego
59%
Dywity
57%
Jagiellońska-Ogrody
57%
Myszki Miki
57%
Nagórki
57%
Osiedle Podgrodzie
57%
Planetarium
57%
Płoskiego
57%
Stary Dwór
57%
Szpital MSWiA
57%
Tęczowy Las
57%
Wańkowicza
57%
Gębika
54%
Likusy
54%
Osiedle Podleśna
54%
Słoneczny Stok
54%
Straż Pożarna
54%
Synów Pułku
54%
Zespół Szkół Ekonomicznych
54%
Barczewo
52%
Cmentarz Dywity-Brama Wschodnia
52%
Dworzec Zachodni
52%
Żołnierska
52%
Cmentarz Dywity-Brama Zachodnia
50%
Dom Kultury Agora
50%
Jagiellońska-Szpital
50%
Minakowskiego
50%
Murzynowskiego
50%
Obrońców Tobruku
50%
Olsztynek
50%
Orłowicza
50%
Wadąg
50%
Zatoka Miła
50%
Zespół Szkół Samochodowych
50%
Zielona Górka
50%
Brzeziny
48%
Cementowa
48%
Cmentarz Poprzeczna
48%
Indykpol
48%
Radiowa
48%
Stawiguda
48%
Św Wojciecha
48%
Targowisko Miejskie
48%
Teatr Lalek
48%
Wrocławska
48%
Bydgoska
46%
Jonkowo
46%
Kajki
46%
Kanarkowa
46%
Łupstych
46%
Synów Pułku-Ogrody
46%
Uniwersytet-Centrum Konferencyjne
46%
Antonowicza
43%
Bohaterów Monte Cassino
43%
Obi
43%
Polmozbyt
43%
Poprzeczna
43%
Rubinowa
43%
Klewki
41%
Saperska
41%
Teatr im S Jaracza
41%
Uniwersytet-Słoneczna
41%
Uniwersytet-Stadion
41%
Wędkarska
41%
Żytnia-Szkoła
41%
Barczewo-Szkoła
39%
Dorotowo
39%
Iwaszkiewicza-Szkoła
39%
Letniskowa
39%
Osiedle Zacisze
39%
Rolna
39%
Tomaszkowo
39%
Bartąska-Jakubowa
37%
Borkowskiego
37%
Bublewicza
37%
Gałczyńskiego
37%
Gdyńska
37%
Leśna
37%
Makro
37%
Nikielkowo
37%
Paukszty
37%
Plac Bema
37%
Różnowo
37%
Wojewódzki Ośrodek Ruchu Drogowego
37%
Wójtowo
37%
Wyspiańskiego
37%
Zajezdnia MPK
37%
Żbicza
37%
Ameryka
35%
Bilitewskiego
35%
Budowlana
35%
Dywity-Grzybowa
35%
Emilii Plater
35%
Grabowa
35%
Jagiellończyka
35%
Karolin
35%
Kieźliny-Przedszkole
35%
Kłosowa
35%
Leśna-Osiedle
35%
Michelin-Brama nr 3
35%
Okrągła
35%
Olsztyńskie Zakłady Graficzne
35%
Owocowa
35%
Plac Inwalidów Wojennych
35%
Seminarium Hosianum
35%
Słupy
35%
Szewczenki
35%
Gryźliny
33%
Jezioro Skanda
33%
Michelin-Biuro
33%
Michelin-Brama nr 6
33%
Mickiewicza
33%
Morwowa
33%
Niepodległości
33%
Panasa
33%
Popiełuszki
33%
Poranna
33%
Pstrowskiego-Dworcowa
33%
Sikorskiego-Ogrody
33%
Soplicy
33%
Tracka
33%
Uniwersytet-Świetlista
33%
Wioślarska
33%
Barczewo-Pętla
30%
Barczewskiego
30%
Dożynkowa
30%
Graniczna
30%
Hotel-Park
30%
Indykpol-Biuro
30%
Kieźliny-Kościół
30%
Puszkina
30%
Samulowskiego
30%
Spręcowo
30%
Towarowa-Budowlana
30%
Truskawkowa
30%
Wawrzyczka
30%
Zakład Gospodarki Odpadami Komunalnymi
30%
Zalbki
30%
Żurawia
30%
Dywity-Gminny Ośrodek Kultury
28%
Gutkowo-Rondo
28%
Łęgajny-Pętla
28%
Narcyzowa
28%
Olsztynek-Skansen
28%
Paderewskiego
28%
Piękna Góra
28%
Sokola
28%
Sprzętowa
28%
Szczęsne I
28%
Szczęsne II
28%
Tor Kartingowy
28%
Uniwersytet-Obitza
28%
Westerplatte
28%
Żelazna
28%
Żeromskiego
28%
Centrum Szkoleń Branżowych
26%
Gutkowo-Kapliczka
26%
Klebark Wielki
26%
Kudypy-Leśne Arboretum
26%
Kuronia
26%
Opolska
26%
Osińskiego
26%
Reymonta
26%
Składowa
26%
Stalowa
26%
Św Arnolda
26%
Barczewo-Miła
24%
Barczewo-Warmińska
24%
Dywity-Cefarm
24%
Jemioły
24%
Jonkowo-Dworzec
24%
Kalinowskiego
24%
Koopress
24%
Kresowa
24%
Miejski Urząd Pracy
24%
Nikielkowo-Wiadukt
24%
Perkoza
24%
Różnowo-Osiedle
24%
Stacja Krwiodactwa
24%
Wójtowo-Leszczynowa
24%
Wrócikowo
24%
Giedajty-Osiedle
22%
Ługwałd DK51
22%
Warkały
22%
Zakład Gazowniczy
22%
Gryźliny-Szkoła
20%
Izba Administracji Skarbowej
20%
Kaplityny-Północ
20%
Kaplityny-Południe
20%
Łęgajny-Modrzewiowa
20%
Ośrodek Doradztwa Rolniczego
20%
Park Naukowo-Technologiczny - B1
20%
Park Naukowo-Technologiczny - BK
20%
Regionalne Centrum Bezpieczeństwa
20%
Różnowo-Przejście
20%
Różnowo Stare
20%
Słupy-Osiedle Leśne
20%
Spręcowo-Klasztor
20%
Wójtowo-Modrzewiowa
20%
Zezuj
20%
Żółkiewskiego
20%
Jonkowo-Szkoła
17%
Kieźliny-Domagały Kapliczka
17%
Myki-Ogrody I
17%
Myki-Ogrody II
17%
Park Naukowo-Technologiczny - L2
17%
Plac Puławskiego
17%
Wójtowo-Fabryka
17%
Dorotowo-Kepijko
15%
Giedajty-Sklep
15%
Klebark Mały I
15%
Łęgajny-Stadion
15%
Łęgajny-Wieś
15%
Miodówko
15%
Różnowo-Kolonia
15%
Tomaszkowo-Miody
15%
Dorotowo-Rybaczówka
13%
Dywity-Olsztyńska
13%
Gryźliny-Kolonia
13%
Gutkowo-Przyjazna
13%
Jonkowo-Lipowa 1
13%
Jonkowo-Lipowa 2
13%
Klebark Mały-Ogrody
13%
Łęgajny-Kasztanowa
13%
Wójtowo Rola-Ogrody I
13%
Wójtowo Rola-Ogrody II
13%
Bartąg-Kolonia
11%
Giedajty-Świetlica
11%
Gutkowo-Cisowa
11%
Nikielkowo-Miętowa
11%
Olsztynek-Zamek
11%
Słupy-Kościół
11%
Warkały-Osiedle Miłe
11%
Wójtowo-Kwiatowa
11%
Nikielkowo-Lawendowa
9%
Nikielkowo-Słowikowa
9%
Spręcowo-Świetlica
9%
Warkały-Żłobek
9%
Wójtowo-Wrzosowa
9%
Nie znaleziono quizów pasujących do podanych kryteriów
Rozkład punktacji
Procent ludzi z każdym wynikiem
Percentyl według liczby udzielonych odpowiedzi
Twoja historia wyników
Nie rozwiązałeś tego quizu od ostatniego zresetowania